Statistics for General Culture- 7- Music

Click here to take the quiz!

General Stats

  • This quiz has been taken 44 times
  • The average score is 3 of 10

Answer Stats

QuestionAnswer% Correct
What was Britney Spears’ first single called?Baby One More Time
68%
Who is the only musician ever to have been awarded the Nobel prize for literature?Bob Dylan
60%
Who is the only singer to have ever performed more than one James Bond theme song?Shirley Bassey (John Barry and his orchestra does not count as their theme is reused.)
38%
What is David Bowie’s real name?David Jones
35%
Which singer has the most UK Number One singles ever?Elvis Presley
35%
One Direction is known for being the runners-up in The X Factor in 2010, but who came first?Matt Cardle
15%
What is the real name of U2’s guitarist, known as The Edge?David Evans
8%
Which Beatles song was banned from the BBC for its lyrics?I am the Walrus
8%
Who was the first female artist to achieve a UK number one with a self-written song?Kate Bush
8%
Who were the three headliners of Glastonbury 2019?The Cure, The Killers and Stormzy
3%

Score Distribution

Percentile by Number Answered

Percent of People with Each Score

Your Score History

You have not taken this quiz